000
00330nam a2200145Ia 4500
008
230312s9999||||xx |||||||||||||| ||und||
020
_a
0-0729-6655-6
082
_a
720.19
_b
KAM-M
100
_a
Kamien; Roger
245
0
_a
Music
260
_b
McGraw Hill
_a
London
_c
2006
300
_a
411
650
_a
Architecture
942
_c
BK
999
_c
11662
_d
11662